| 000 | 00799nab a2200253 a 4500 | ||
|---|---|---|---|
| 005 | 20210219161912.0 | ||
| 008 | 991125s1985 mx 000 0 spa u | ||
| 035 | _aUPN01000194184 | ||
| 100 | 1 | _aOchman, Marta | |
| 100 | 1 | _umochman@itesm.mx | |
| 222 | _aREVISTA MEXICANA DE INVESTIGACION EDUCATIVA | ||
| 245 | _aSistematización y evaluación de las competencias ciudadanas para sociedades democráticas | ||
| 300 | _a63-89 | ||
| 362 | 0 | _a2013 Vol. 18, no. 56 (1), ene.-mar. | |
| 653 | 0 | _aCOMPETENCIAS CIUDADANAS | |
| 653 | 0 | _aEDUCACION MEDIA SUPERIOR | |
| 653 | 0 | _aMEXICO | |
| 653 | 0 | _aEDUCACION SUPERIOR | |
| 700 | 1 | _aCantú Escalante, Jesús, | |
| 700 | 1 | _ujce@itesm.mx | |
| 700 | 1 | _ecoaut. | |
| 856 | 1 | _uhttp://www.redalyc.org/articulo.oa?id=14025581004 | |
| 905 | _aArticulo | ||
| 999 |
_c166285 _d166285 |
||